| 000 | 00795nam a2200217 a 4500 | ||
|---|---|---|---|
| 003 | DO-SdBNP | ||
| 005 | 20240307073950.0 | ||
| 007 | ta | ||
| 008 | 220926e2007 dr abd|fr|||| 00| 0 spa d | ||
| 040 |
_aDO-SdBNP _bspa _cBNPHU |
||
| 082 | 4 |
_222 _bR436r |
|
| 245 | 0 | 0 | _aResultados de la supervisión y fiscalización de la asamblea electoral interna del partido revolucionario dominicano (PRD) |
| 260 |
_aSanto Domingo : _bDirección Nacional de Elecciones, _c2007 |
||
| 300 |
_a[32] p. : _bil, graf., mapas ; _c26 cm. |
||
| 590 | _aInventariado 2022 / MF | ||
| 650 | 4 |
_981696 _aPartidos políticos _zRepública Dominicana |
|
| 650 | 4 |
_93002 _aCampaña Electoral _zRepública Dominicana |
|
| 710 | 1 |
_aRepública Dominicana. _b Junta Central Electoral _964605 |
|
| 910 | _aMFeliz | ||
| 942 |
_2ddc _cLBS1 |
||
| 999 |
_c52464 _d52464 |
||